| 000 | 00628nam a2200217Ia 4500 | ||
|---|---|---|---|
| 005 | 20250923145310.0 | ||
| 008 | 008 250917s9999 xx 000 0 eng d | ||
| 037 | _aTextual | ||
| 040 |
_aDSWL _beng _cDSWL |
||
| 041 |
_aeng _2eng |
||
| 084 |
_aY33:434.1, N73 _qDSWL |
||
| 100 |
_aEames, Edwin _9833819 |
||
| 245 | 0 |
_aUrban poverty in a cross-cultural context _c by Edwin Eames |
|
| 260 |
_aNew York _b The Free Press _c1973 |
||
| 300 | _axii,299 p. | ||
| 365 |
_aINR _b68 . 47 |
||
| 700 |
_a J.G. Goode _9833820 |
||
| 925 | _g68 . 47 | ||
| 942 |
_cTEXL _hY33:434.1, N73 |
||
| 999 |
_c1449649 _d1449649 |
||